01291cem a2200349 a 45000010009000000050017000090070009000260080041000350100031000760150019001070160018001260200025001440340006001690350023001750400044001980420014002420500020002560520009002760820019002851000025003042450144003292460083004732550019005562600037005753000062006125000080006745040062007546500043008166500032008597000023008917100027009141505834020170105102921.0ad canzn071025s2007 enkbc e 1 eng d a 2007633304z 2007532245 aGBA6A06132bnb7 a0136132162Uk a9781845732400 (hbk.)0 aa a(OCoLC)ocm76852128 aUKMcUKMdBAKERdYDXCPdBTCTAdTXAdDLC alccopycat00aG1038b.S9 2007 a320100a940.5402232221 aSwanston, Alexander.14aThe historical atlas of World War II /cby Alexander Swanston and Malcolm Swanston ; [design and cartography, Malcolm Swanston ... et al.].1 iSubtitle on cover:a170 maps chart the most cataclysmic event in human history aScales differ. aLondon :bCartographica,cc2007. a1 atlas (399 p.) :bill. (some col.), col. maps ;c34 cm. aRelief shown by shading and gradient tints. Depths shown by gradient tints. aIncludes bibliographical references (p. [388]) and index. 0aWorld War, 1939-1945xCampaignsvMaps. 0aHistorical geographyvMaps.1 aSwanston, Malcolm.2 aCartographica Limited.